[Event "Aeroflot Open A 2017"]
[Site "Moscow RUS"]
[Date "2017.03.01"]
[Round "9.29"]
[White "Van Foreest, Jorden"]
[Black "Moskalenko, Alexander"]
[Result "1/2-1/2"]
[WhiteTitle "GM"]
[BlackTitle "IM"]
[WhiteElo "2584"]
[BlackElo "2488"]
[WhiteFideId "1039784"]
[BlackFideId "4155351"]
[EventDate "2017.02.21"]

1. e4 c5 2. Nf3 Nc6 3. Bb5 Nf6 4. Bxc6 dxc6 5. d3 Bg4 6. Nbd2 Nd7 7. h3 Bh5 8.
g4 Bg6 9. Nh4 e6 10. Ndf3 Be7 11. Nxg6 hxg6 12. Qe2 e5 13. Be3 Qa5+ 14. c3 Qa6
15. a3 O-O-O 16. O-O-O Qa4 17. h4 Qb3 18. Kb1 Qe6 19. Ng5 Bxg5 20. hxg5 f5 21.
gxf6 gxf6 22. f3 Rxh1 23. Rxh1 g5 24. Qc2 b6 25. Rh6 Qf7 26. d4 cxd4 27. cxd4
Kb7 28. Qc3 Qg7 29. Rh1 exd4 30. Qxd4 Qe7 31. Rd1 Kc8 32. Qd6 Qxd6 33. Rxd6 c5
34. b4 cxb4 35. axb4 Re8 36. Bf2 Rh8 37. Bd4 Rh3 38. Bxf6 Rxf3 39. Bxg5 Rb3+ 40.
Kc2 Rxb4 41. Rc6+ Kb7 42. Re6 Nc5 43. Re7+ Kc6 44. Be3 1/2-1/2

[Event "Aeroflot Open A 2017"]
[Site "Moscow RUS"]
[Date "2017.03.01"]
[Round "9.30"]
[White "Idani, Pouya"]
[Black "Kobalia, Mikhail"]
[Result "0-1"]
[WhiteTitle "GM"]
[BlackTitle "GM"]
[WhiteElo "2563"]
[BlackElo "2628"]
[WhiteFideId "12510130"]
[BlackFideId "4119150"]
[EventDate "2017.02.21"]

1. e4 e6 2. d4 d5 3. Nd2 c5 4. Ngf3 cxd4 5. exd5 Qxd5 6. Bc4 Qd7 7. O-O Nc6 8.
Nb3 Nf6 9. Qe2 a6 10. a4 Bd6 11. Rd1 e5 12. Nbxd4 Nxd4 13. Rxd4 Qe7 14. Rxd6
Qxd6 15. b3 e4 16. Ba3 Qf4 17. Bb5+ axb5 18. Qxb5+ Nd7 19. Qb4 Kd8 20. Qe7+ Kc7
21. Rd1 Ra6 22. Ne5 Qf6 23. Nxf7 Qxe7 24. Bxe7 Re6 25. Bd6+ Kc6 26. Nxh8 Rxd6
27. Rxd6+ Kxd6 28. Nf7+ Ke7 29. Ng5 Nf6 30. f3 e3 31. a5 Bf5 32. c4 Bc2 33. b4
Bd3 0-1

[Event "Aeroflot Open A 2017"]
[Site "Moscow RUS"]
[Date "2017.03.01"]
[Round "9.31"]
[White "Huzman, Alexander"]
[Black "Adhiban, Baskaran"]
[Result "1/2-1/2"]
[WhiteTitle "GM"]
[BlackTitle "GM"]
[WhiteElo "2552"]
[BlackElo "2682"]
[WhiteFideId "2803828"]
[BlackFideId "5018471"]
[EventDate "2017.02.21"]

1. Nf3 Nf6 2. c4 g6 3. Nc3 Bg7 4. e4 d6 5. d4 O-O 6. Be2 Na6 7. O-O e5 8. Re1
Qe8 9. Bg5 h6 10. Bxf6 Bxf6 11. c5 Bg7 12. Bxa6 bxa6 13. dxe5 dxe5 14. Nd5 Rb8
15. Qc2 f5 16. Rad1 Qf7 17. b3 fxe4 18. Qxe4 Bf5 19. Qc4 Be6 20. Qe4 Bf5 21. Qc4
Be6 22. Qe4 Rbd8 23. Ne3 Bf5 24. Qc4 Be6 25. Qe4 Bf5 26. Qc4 Be6 1/2-1/2

[Event "Aeroflot Open A 2017"]
[Site "Moscow RUS"]
[Date "2017.03.01"]
[Round "9.32"]
[White "Buhmann, Rainer"]
[Black "Petrosyan, Manuel"]
[Result "1/2-1/2"]
[WhiteTitle "GM"]
[BlackTitle "IM"]
[WhiteElo "2625"]
[BlackElo "2549"]
[WhiteFideId "4651340"]
[BlackFideId "13300857"]
[EventDate "2017.02.21"]

1. d4 Nf6 2. c4 e6 3. Nf3 b6 4. g3 Ba6 5. Qb3 d5 6. cxd5 exd5 7. Nc3 c6 8. Bg5
Be7 9. Bxf6 Bxf6 10. e4 dxe4 11. Nxe4 O-O 12. O-O-O Be7 13. Kb1 Qd5 14. Qxd5
cxd5 15. Nc3 Bxf1 16. Rhxf1 Rd8 17. Rc1 f6 18. Rfe1 Kf8 19. Nb5 Na6 20. Nh4 Rd7
21. Re3 Kf7 22. a3 Rad8 23. Nf5 Bf8 24. Rec3 g6 25. Ne3 Bh6 26. Rc8 Bxe3 27.
Rxd8 Rxd8 28. fxe3 Rd7 29. Rc8 Re7 30. Rh8 Ke6 31. Kc2 Kf5 32. h3 Nc7 33. Nd6+
Ke6 34. Nc8 Re8 35. Rxe8+ Nxe8 36. Nxa7 Nd6 37. a4 Kd7 38. Kd3 h5 39. Ke2 Kc7
40. Kf3 Kb7 41. Nb5 Nxb5 42. axb5 Kc7 43. h4 Kd6 44. Kf4 Ke7 45. g4 hxg4 46.
Kxg4 Ke6 47. b3 Kf7 48. h5 gxh5+ 49. Kxh5 Kg7 50. Kg4 Kf8 51. Kf3 Kf7 52. Kf4
Ke7 53. Kg4 Kf8 54. Kf5 Kf7 55. Kf4 Ke7 56. Kf3 Kf7 57. Kg3 Ke8 58. Kh4 Kf7 59.
Kh5 Kg7 60. Kg4 1/2-1/2

[Event "Aeroflot Open A 2017"]
[Site "Moscow RUS"]
[Date "2017.03.01"]
[Round "9.33"]
[White "Schroeder, Jan-Christian"]
[Black "Sethuraman, S.P."]
[Result "1/2-1/2"]
[WhiteTitle "GM"]
[BlackTitle "GM"]
[WhiteElo "2543"]
[BlackElo "2623"]
[WhiteFideId "24662259"]
[BlackFideId "5021596"]
[EventDate "2017.02.21"]

1. e4 g6 2. d4 Bg7 3. Nf3 d6 4. Be2 Nf6 5. Nc3 O-O 6. O-O a6 7. Re1 e6 8. Bf4
Nc6 9. h3 b5 10. e5 dxe5 11. dxe5 Nd5 12. Nxd5 Qxd5 13. Bd3 Bb7 14. Be4 Qxd1 15.
Raxd1 Rad8 16. c4 Ba8 17. Rc1 Nb4 18. cxb5 axb5 19. Rxc7 Bxe4 20. Rxe4 Nd3 21.
Bg3 Rd5 22. b3 h6 23. a4 bxa4 24. bxa4 Ra8 25. h4 Rc5 26. Rc4 Rxc7 27. Rxc7 Rxa4
28. Rc8+ Bf8 29. Rd8 Nc5 30. Rd4 Rxd4 31. Nxd4 Ne4 32. Kf1 Bc5 33. Nf3 Kg7 34.
Ke2 Bb6 35. Nd2 Nc3+ 36. Kd3 Nd5 37. Ne4 Bd8 38. Nd6 g5 39. hxg5 hxg5 40. Ke4
Kg6 1/2-1/2

[Event "Aeroflot Open A 2017"]
[Site "Moscow RUS"]
[Date "2017.03.01"]
[Round "9.34"]
[White "Gabrielian, Artur"]
[Black "Alekseenko, Kirill"]
[Result "0-1"]
[WhiteTitle "GM"]
[BlackTitle "GM"]
[WhiteElo "2532"]
[BlackElo "2588"]
[WhiteFideId "4131002"]
[BlackFideId "4135539"]
[EventDate "2017.02.21"]

1. e4 c6 2. d4 d5 3. e5 Bf5 4. Nf3 e6 5. Be2 Ne7 6. O-O h6 7. Nbd2 Nd7 8. Nb3
Qc7 9. Bd2 g5 10. Ne1 Rg8 11. Nd3 Ng6 12. a4 f6 13. exf6 Bd6 14. f7+ Kxf7 15. g3
Kg7 16. Rc1 Rae8 17. c4 dxc4 18. Rxc4 Nb6 19. Ba5 Qf7 20. Bxb6 axb6 21. Nd2 Rd8
22. Qb3 Bc7 23. Qc3 Qf6 24. Bf3 Kh7 25. Ne4 Qg7 26. Re1 Rgf8 27. Bg2 Rf7 28. Nb4
Rfd7 29. Nc2 e5 30. Qd3 Be6 31. Rc3 exd4 32. Ra3 Qf7 33. Nd2 Kh8 34. Qf1 Ne5 35.
Raa1 Rf8 36. Rad1 Bg4 37. Rc1 d3 38. Ne3 Be2 39. Rxe2 dxe2 40. Qxe2 Qxf2+ 41.
Qxf2 Rxf2 42. Ne4 Rf8 43. Bf1 0-1

[Event "Aeroflot Open A 2017"]
[Site "Moscow RUS"]
[Date "2017.03.01"]
[Round "9.35"]
[White "Maghsoodloo, Parham"]
[Black "Paravyan, David"]
[Result "0-1"]
[WhiteTitle "GM"]
[BlackTitle "IM"]
[WhiteElo "2575"]
[BlackElo "2525"]
[WhiteFideId "12539929"]
[BlackFideId "4194985"]
[EventDate "2017.02.21"]

1. e4 e5 2. Nf3 Nf6 3. d3 Nc6 4. Be2 d5 5. Nbd2 Bc5 6. c3 a5 7. a4 O-O 8. O-O
Re8 9. Qc2 Ba7 10. Nb3 h6 11. Nfd2 Bg4 12. Bxg4 Nxg4 13. h3 Nf6 14. Re1 Qd7 15.
Nf3 Rad8 16. Be3 Bxe3 17. Rxe3 b6 18. Ree1 Nh5 19. Nh4 Nf4 20. Rad1 d4 21. Nc1
Qe7 22. Nf3 Qe6 23. Kh2 Rd7 24. Ng1 Qf6 25. g3 Ne6 26. Nb3 Red8 27. Kg2 Qg6 28.
Kh2 f5 29. Nf3 fxe4 30. Rxe4 Rf7 31. Nxe5 Nxe5 32. Rxe5 Rdf8 33. f4 Nxf4 34.
gxf4 Rxf4 35. Rd2 Rf1 36. Rg2 Qf6 37. Ree2 h5 38. Rg3 h4 39. Rg4 Qc6 40. Rge4
Qd6+ 41. Re5 R8f2+ 42. Rxf2 Qxe5+ 43. Kg2 Re1 44. Rf8+ Kh7 45. Qf2 Re2 46. Nxd4
Qg3+ 47. Kf1 Rxf2+ 48. Rxf2 Qxd3+ 0-1

[Event "Aeroflot Open A 2017"]
[Site "Moscow RUS"]
[Date "2017.03.01"]
[Round "9.36"]
[White "Lorparizangeneh, Shahin"]
[Black "Blomqvist, Erik"]
[Result "1-0"]
[WhiteTitle "IM"]
[BlackTitle "GM"]
[WhiteElo "2519"]
[BlackElo "2573"]
[WhiteFideId "12521604"]
[BlackFideId "1709437"]
[EventDate "2017.02.21"]

1. Nf3 d5 2. g3 Nf6 3. Bg2 e6 4. O-O Be7 5. c4 O-O 6. d4 dxc4 7. Ne5 c5 8. dxc5
Qc7 9. Nxc4 Qxc5 10. b3 Rd8 11. Nbd2 Qc7 12. Bb2 Nc6 13. Rc1 Bd7 14. Ne5 Qa5 15.
Nd3 Be8 16. a3 Rac8 17. b4 Qh5 18. Qe1 a5 19. Bxf6 gxf6 20. Rc4 axb4 21. axb4
Qb5 22. Qa1 Ne5 23. Nxe5 fxe5 24. Rxc8 Rxc8 25. Ne4 b6 26. g4 Qxe2 27. g5 Qb5
28. Qa3 Qxb4 29. Qg3 Qd4 30. Nf6+ Kh8 31. Be4 Bc6 32. Qf3 Bxe4 33. Nxe4 Kg7 34.
h4 b5 35. h5 Rc4 36. Re1 Bxg5 37. Nxg5 Qg4+ 38. Qg3 Qxh5 39. Ne4+ Qg6 40. Qxg6+
hxg6 41. Nd6 Rc5 42. Rb1 f5 43. Nxb5 Kf6 44. f3 Rc2 45. Re1 Rc5 46. Rb1 Kg5 47.
Rb4 Rc2 48. Kf1 Kh5 49. Nd6 g5 50. Nc4 e4 51. fxe4 f4 52. Ne5 g4 53. Rb8 Kh4 54.
Rh8+ Kg3 55. Rg8 Rc1+ 56. Ke2 f3+ 57. Nxf3 Kf4 58. Nd2 g3 59. Rf8+ Kg4 60. Nf1
Rc2+ 61. Kd3 Ra2 62. Ne3+ Kg5 63. Rg8+ Kf4 64. Rf8+ Kg5 65. Kd4 Ra5 66. e5 Ra4+
67. Kd3 Ra3+ 68. Ke4 Ra4+ 69. Kf3 Ra5 70. Rg8+ Kh5 71. Kf4 Ra4+ 72. Kxg3 Ra5 73.
Kf4 Ra4+ 74. Kf3 1-0

[Event "Aeroflot Open A 2017"]
[Site "Moscow RUS"]
[Date "2017.03.01"]
[Round "9.37"]
[White "Kraemer, Martin"]
[Black "Harutyunian, Tigran K."]
[Result "1/2-1/2"]
[WhiteTitle "GM"]
[BlackTitle "IM"]
[WhiteElo "2571"]
[BlackElo "2515"]
[WhiteFideId "4671910"]
[BlackFideId "13303635"]
[EventDate "2017.02.21"]

1. d4 d5 2. c4 c6 3. Nc3 Nf6 4. e3 e6 5. Nf3 Nbd7 6. Qc2 Bd6 7. Bd3 O-O 8. O-O
dxc4 9. Bxc4 a6 10. Rd1 b5 11. Bd3 Qc7 12. Bd2 c5 13. Ne4 c4 14. Nxd6 Qxd6 15.
Be2 Bb7 16. b3 Rfc8 17. Qb2 Bd5 18. Ba5 Rab8 19. Rac1 Ng4 20. h3 Bxf3 21. Bxf3
Qh2+ 22. Kf1 Ngf6 23. Ke2 Qd6 24. g3 Qe7 25. Kf1 e5 26. Kg2 e4 27. Be2 Nd5 28.
Rc2 N7b6 29. Rb1 g6 30. Qc1 c3 31. a3 Rc6 32. Ra1 h5 33. h4 Rbc8 34. Qb1 Nd7 35.
b4 Rb8 36. a4 bxa4 37. Rxa4 N7b6 38. Bxb6 Rbxb6 39. Qb3 Nxb4 40. Rxc3 Nd5 41.
Qxd5 Rxc3 42. Rxa6 Rxa6 43. Bxa6 Qf6 44. Be2 Rc2 45. Qb5 Qe6 46. Bd1 Rd2 47. Bb3
Qf6 48. Qb8+ Kg7 49. Qf4 Qxf4 50. gxf4 f5 51. Bd5 Kf6 52. Bg8 Ke7 53. d5 Rb2 54.
Be6 Kd6 55. Bf7 Rb7 56. Be6 Kc5 57. Kf1 Rb1+ 58. Kg2 Rb6 59. Kf1 Kb4 60. Bf7 Ra6
61. Ke2 Kc5 62. Kf1 Ra1+ 63. Kg2 Ra7 64. Be6 Ra6 65. Kf1 Kb4 66. Bf7 Rb6 67. Ke2
Kc3 68. Be8 Rf6 69. Bc6 Kc4 70. Kd2 Rf8 71. Ke2 Rb8 72. Kf1 Rb1+ 73. Kg2 Rb8 74.
Kf1 Kd3 75. d6 Kc4 76. d7 Rd8 77. Ba4 Kb4 78. Bc6 Kc5 79. Ba4 Kd6 80. Bb5 Kc7
81. Ba4 Rb8 82. Kg1 Rb6 83. Kf1 Rd6 84. Kg1 Kb6 85. Kf1 Kc7 86. Bb5 Rd5 87. Ba4
Ra5 88. Bc6 Ra1+ 89. Kg2 Rd1 90. Ba4 Rd6 91. Kf1 Kb6 92. Ke2 Kc7 93. Kf1 1/2-1/2

[Event "Aeroflot Open A 2017"]
[Site "Moscow RUS"]
[Date "2017.03.01"]
[Round "9.38"]
[White "Tabatabaei, M.amin"]
[Black "Svane, Rasmus"]
[Result "1-0"]
[WhiteTitle "IM"]
[BlackTitle "GM"]
[WhiteElo "2507"]
[BlackElo "2570"]
[WhiteFideId "12521213"]
[BlackFideId "4657101"]
[EventDate "2017.02.21"]

1. e4 c6 2. d4 d5 3. e5 Bf5 4. Nf3 e6 5. Be2 Ne7 6. O-O c5 7. c4 Nbc6 8. dxc5 d4
9. Qa4 Ng6 10. Rd1 Bxc5 11. b4 Bxb4 12. g4 Bxb1 13. Rxb1 Bc3 14. Rxb7 Qc8 15.
Rb5 O-O 16. Ba3 Rd8 17. Bd6 Qd7 18. Qa6 Nf4 19. Bf1 Qe8 20. Rb7 Na5 21. Rxa7
Rxa7 22. Qxa7 Ra8 23. Qb6 Qa4 24. Rxd4 Bxd4 25. Qxd4 Ng6 26. h4 Qc6 27. Be2 Nb7
28. h5 Rxa2 29. hxg6 Rxe2 30. gxf7+ Kxf7 31. Qf4+ Ke8 32. Qf8+ Kd7 33. Qxg7+ Kc8
34. Qf8+ Nd8 35. Be7 Qc7 36. Ng5 Re1+ 37. Kg2 Rd1 38. Nf7 Qb7+ 39. Kg3 Rd3+ 40.
Kh2 Qd7 41. Bxd8 1-0

[Event "Aeroflot Open A 2017"]
[Site "Moscow RUS"]
[Date "2017.03.01"]
[Round "9.39"]
[White "Abdusattorov, Nodirbek"]
[Black "Grigoriants, Sergey"]
[Result "0-1"]
[WhiteTitle "FM"]
[BlackTitle "GM"]
[WhiteElo "2429"]
[BlackElo "2564"]
[WhiteFideId "14204118"]
[BlackFideId "4130804"]
[EventDate "2017.02.21"]

1. e4 e5 2. Nf3 Nc6 3. Bb5 a6 4. Ba4 Nf6 5. O-O Be7 6. Re1 b5 7. Bb3 d6 8. c3
O-O 9. h3 Na5 10. Bc2 c5 11. d4 Nd7 12. Nbd2 exd4 13. cxd4 Nc6 14. d5 Nce5 15.
Nh2 Ng6 16. Ndf1 Bg5 17. Ne3 Nde5 18. Nhg4 Nxg4 19. hxg4 Ne5 20. Nf5 Bxc1 21.
Rxc1 Qg5 22. f3 Bxf5 23. gxf5 Qf4 24. Qe2 g5 25. Qe3 Qxe3+ 26. Rxe3 Kg7 27. Bd1
h5 28. g3 Kf6 29. Be2 Rh8 30. f4 Nd7 31. a4 bxa4 32. Ra1 h4 33. Rxa4 hxg3 34.
fxg5+ Kxg5 35. Rxg3+ Kf4 36. Rf3+ Ke5 37. f6 Rhg8+ 38. Kf1 Rg5 39. b4 cxb4 40.
Rxb4 Nc5 41. Rb6 a5 42. Rc6 a4 43. Ra3 Rg6 44. Bf3 Rxf6 45. Ke2 Nb3 46. Bg4 Rf4
47. Bd7 Rxe4+ 48. Kf2 Rf4+ 49. Ke1 Rh8 50. Rc3 Rh1+ 51. Ke2 Nd4+ 52. Kd3 Rd1+ 0-1

[Event "Aeroflot Open A 2017"]
[Site "Moscow RUS"]
[Date "2017.03.01"]
[Round "9.40"]
[White "Tran, Tuan Minh"]
[Black "Saric, Ivan"]
[Result "1-0"]
[WhiteTitle "IM"]
[BlackTitle "GM"]
[WhiteElo "2491"]
[BlackElo "2648"]
[WhiteFideId "12401820"]
[BlackFideId "14508150"]
[EventDate "2017.02.21"]

1. d4 Nf6 2. c4 g6 3. Nc3 Bg7 4. e4 d6 5. Bd3 O-O 6. Nge2 Nc6 7. O-O e5 8. d5
Nd4 9. f3 Nd7 10. Be3 c5 11. Qd2 f5 12. exf5 gxf5 13. Rab1 b6 14. Kh1 Nf6 15. b4
Nxe2 16. Nxe2 cxb4 17. Qxb4 Qe7 18. Rbe1 Nd7 19. Bc2 Nc5 20. a4 Nb7 21. Bg1 Bd7
22. Nd4 Rac8 23. Nb5 Bxb5 24. axb5 Qh4 25. Qb1 Qh5 26. g4 fxg4 27. fxg4 Qh3 28.
Bf5 Rxc4 29. Re3 Qh4 30. Be6+ Kh8 31. Rxf8+ Bxf8 32. Rf3 Bg7 33. Qf1 Rf4 34.
Rxf4 exf4 35. Qxf4 Qf6 36. Qxf6 Bxf6 37. g5 Be5 38. Kg2 Kg7 39. h4 Nc5 40. Bf5
Na4 41. Bd3 Nc3 42. Bc4 h6 43. Kf3 hxg5 44. hxg5 Kf7 45. Kg4 Ne4 46. Be3 Nc5 47.
Kf5 Nd7 48. Be2 Nf8 49. Bh5+ Kg7 50. Be8 Bc3 51. g6 Be5 52. Bg5 Bc3 53. Be7 Be5
54. Kg5 1-0

[Event "Aeroflot Open A 2017"]
[Site "Moscow RUS"]
[Date "2017.03.01"]
[Round "9.41"]
[White "Lalith, Babu M R"]
[Black "Puranik, Abhimanyu"]
[Result "0-1"]
[WhiteTitle "GM"]
[BlackTitle "IM"]
[WhiteElo "2584"]
[BlackElo "2481"]
[WhiteFideId "5024595"]
[BlackFideId "5061245"]
[EventDate "2017.02.21"]

1. d4 Nf6 2. Nf3 g6 3. c4 Bg7 4. Nc3 d5 5. h4 dxc4 6. e4 c5 7. d5 O-O 8. h5 Nxh5
9. Bxc4 Bg4 10. Rh4 Nf6 11. Qb3 Bxf3 12. gxf3 Nbd7 13. Be3 a6 14. a4 Qa5 15. Bd2
b5 16. Nxb5 Qb6 17. Nc3 Qxb3 18. Bxb3 Rfb8 19. Ra3 Ne8 20. Bc1 Nd6 21. Ke2 Rb4
22. Bc2 Rab8 23. Ra2 Nf5 24. Rh3 Nd4+ 25. Kd1 Ne5 26. f4 Ng4 0-1

[Event "Aeroflot Open A 2017"]
[Site "Moscow RUS"]
[Date "2017.03.01"]
[Round "9.42"]
[White "Predke, Alexandr"]
[Black "Kovalevskaya, Ekaterina"]
[Result "1-0"]
[WhiteTitle "GM"]
[BlackTitle "IM"]
[WhiteElo "2573"]
[BlackElo "2423"]
[WhiteFideId "24107581"]
[BlackFideId "4116704"]
[EventDate "2017.02.21"]

1. e4 c5 2. Nc3 Nc6 3. Bb5 Nd4 4. Nf3 Nxb5 5. Nxb5 a6 6. Nc3 d6 7. d4 cxd4 8.
Qxd4 e5 9. Qd3 Be7 10. O-O h6 11. Rd1 Nf6 12. Nd2 O-O 13. Nc4 Qc7 14. Be3 Be6
15. Nb6 Rab8 16. f3 Qc6 17. a4 Rfd8 18. a5 Qe8 19. Rd2 Nd7 20. Nbd5 Bxd5 21.
Nxd5 Nf6 22. Nb6 Nd7 23. Nc4 Nf6 24. Nb6 Nd7 25. Nd5 Nf6 26. Nxf6+ Bxf6 27. Bb6
Rd7 28. c4 Bg5 29. Rdd1 Bd8 30. c5 Rc8 31. Rac1 Rc6 32. Qd5 Bc7 33. b4 Qc8 34.
Qd2 Kf8 35. Rc3 Bxb6 36. axb6 a5 37. bxa5 Rxc5 38. Rdc1 Qd8 39. h3 Qe7 40. Rd3
Ke8 41. Rd5 Rxc1+ 42. Qxc1 Qd8 43. Kh2 g5 44. Rd3 Qa8 45. Qa3 Ke7 46. Rd5 Ke6
47. Qb3 Ke7 48. Qb4 Ke6 49. Rd3 Rd8 50. Kg3 h5 51. Rc3 Rc8 52. Qb3+ Ke7 53. Qc2
Rxc3 54. Qxc3 Qa6 55. h4 gxh4+ 56. Kxh4 Qf1 57. Qc2 Qe1+ 58. Kxh5 Qxa5 59. Qc7+
Kf6 60. Qxd6+ Kg7 61. Kg5 Qc3 62. Kf5 Qc8+ 63. Kxe5 Qc2 64. Kf5 Qc8+ 65. Kg5
Qc1+ 66. f4 Qc2 67. g4 Qb2 68. e5 Qb3 69. Qf6+ Kh7 70. e6 fxe6 71. Qe7+ Kh8 72.
Kg6 1-0

[Event "Aeroflot Open A 2017"]
[Site "Moscow RUS"]
[Date "2017.03.01"]
[Round "9.43"]
[White "Gusain, Himal"]
[Black "Donchenko, Alexander"]
[Result "0-1"]
[BlackTitle "GM"]
[WhiteElo "2438"]
[BlackElo "2553"]
[WhiteFideId "5033861"]
[BlackFideId "24603295"]
[EventDate "2017.02.21"]

1. e4 c6 2. d4 d5 3. e5 Bf5 4. h4 h5 5. Bd3 Bxd3 6. Qxd3 Qa5+ 7. Nd2 e6 8. Ne2
Ne7 9. O-O Qa6 10. c4 Nf5 11. g3 c5 12. b3 Nc6 13. dxc5 Rd8 14. Qc2 Bxc5 15.
cxd5 Rxd5 16. Nc4 Nxe5 17. Nf4 Nf3+ 18. Kg2 Rd8 19. Qe4 N3d4 20. Ne5 Bd6 21. Bb2
Bxe5 22. Qxe5 Qc6+ 23. f3 Nxf3 24. Rxf3 Rd2+ 25. Ne2 f6 26. Bc3 fxe5 27. Bxd2
Qc2 0-1

[Event "Aeroflot Open A 2017"]
[Site "Moscow RUS"]
[Date "2017.03.01"]
[Round "9.44"]
[White "Karavade, Eesha"]
[Black "Vakhidov, Jahongir"]
[Result "1/2-1/2"]
[WhiteTitle "IM"]
[BlackTitle "GM"]
[WhiteElo "2418"]
[BlackElo "2561"]
[WhiteFideId "5012600"]
[BlackFideId "14201801"]
[EventDate "2017.02.21"]

1. e4 c5 2. Nf3 Nc6 3. Bb5 g6 4. Bxc6 bxc6 5. O-O Bg7 6. Re1 Nf6 7. e5 Nd5 8. c4
Nc7 9. d4 cxd4 10. Qxd4 Ne6 11. Qh4 d6 12. Nc3 dxe5 13. Nxe5 Qc7 14. Nf3 h6 15.
Bd2 f5 16. Qg3 Qxg3 17. hxg3 Nc5 18. Be3 Nd3 19. Re2 Bxc3 20. bxc3 Ba6 21. Bd4
Rg8 22. Ne5 c5 23. Nxd3 cxd4 24. Ne5 dxc3 25. Rc1 Bb7 26. Rxc3 O-O-O 27. f3 h5
28. Kf2 Rg7 29. Nd3 Rd6 30. Nc5 Rf7 31. Rb3 Rb6 32. Rxb6 axb6 33. Nxb7 Kxb7 34.
Re6 Rg7 35. g4 fxg4 36. fxg4 hxg4 37. Kg3 Kc7 38. Kxg4 Rf7 39. g3 Rf2 40. Rxe7+
Kd6 41. Re4 Rxa2 42. Kg5 Ra8 43. Kf6 Rf8+ 44. Kg7 Rb8 45. Rg4 Kc5 1/2-1/2

[Event "Aeroflot Open A 2017"]
[Site "Moscow RUS"]
[Date "2017.03.01"]
[Round "9.45"]
[White "Morovic Fernandez, Ivan"]
[Black "Xu, Yi"]
[Result "1/2-1/2"]
[WhiteTitle "GM"]
[BlackTitle "IM"]
[WhiteElo "2550"]
[BlackElo "2444"]
[WhiteFideId "3405400"]
[BlackFideId "8605564"]
[EventDate "2017.02.21"]

1. d4 Nf6 2. Nf3 d5 3. e3 e6 4. Bd3 c5 5. b3 Be7 6. Bb2 O-O 7. O-O b6 8. Nbd2
Nbd7 9. Qe2 Bb7 10. Rfd1 Rc8 11. c4 Qc7 12. Rac1 Qb8 13. cxd5 Nxd5 14. Bb5 N7f6
15. dxc5 Bxc5 16. a3 Be7 17. Ne5 Qa8 18. Ndf3 Ne4 19. Qe1 Rxc1 20. Rxc1 Rc8 21.
Nd4 Bf6 22. Ng4 Be7 23. Ne5 1/2-1/2

[Event "Aeroflot Open A 2017"]
[Site "Moscow RUS"]
[Date "2017.03.01"]
[Round "9.47"]
[White "Sarana, Alexey"]
[Black "Esipenko, Andrey"]
[Result "1-0"]
[WhiteTitle "IM"]
[BlackTitle "FM"]
[WhiteElo "2468"]
[BlackElo "2502"]
[WhiteFideId "24133795"]
[BlackFideId "24175439"]
[EventDate "2017.02.21"]

1. e4 e5 2. Nf3 Nc6 3. Bb5 a6 4. Ba4 Nf6 5. O-O Be7 6. Re1 b5 7. Bb3 d6 8. c3
O-O 9. h3 Nb8 10. d4 Nbd7 11. Nbd2 Bb7 12. Bc2 Re8 13. a4 Bf8 14. Bd3 c6 15. Qc2
Qc7 16. b3 Rac8 17. Bb2 Qb8 18. b4 Nb6 19. axb5 axb5 20. Nb3 Nfd7 21. Bc1 g6 22.
dxe5 dxe5 23. Be3 Qc7 24. Na5 Ba8 25. Rab1 c5 26. Bxb5 cxb4 27. Bxb6 Nxb6 28.
Bxe8 Rxe8 29. Qb3 Nc8 30. cxb4 Nd6 31. Rbc1 Qd7 32. Nc4 Nxe4 33. Ncxe5 Qf5 34.
Qa4 Nd6 35. Nc6 Bxc6 36. Qxc6 Rb8 37. Rcd1 Rc8 38. Qd5 Qf6 39. Qe5 Qd8 40. Qa5
Qf6 41. Qa6 Rc2 42. Rd4 Rxf2 43. Rxd6 Qb2 44. Rd8 Rxg2+ 45. Kh1 Rg3 46. Rxf8+
Kg7 47. Rxf7+ Kh6 48. Qe2 Rxh3+ 49. Kg2 1-0

[Event "Aeroflot Open A 2017"]
[Site "Moscow RUS"]
[Date "2017.03.01"]
[Round "9.48"]
[White "Praggnanandhaa, R"]
[Black "Pavlovic, Milos"]
[Result "1/2-1/2"]
[WhiteTitle "IM"]
[BlackTitle "GM"]
[WhiteElo "2455"]
[BlackElo "2512"]
[WhiteFideId "25059530"]
[BlackFideId "900389"]
[EventDate "2017.02.21"]

1. Nf3 d6 2. g3 g6 3. Bg2 Bg7 4. O-O e5 5. c4 Nc6 6. Nc3 f5 7. d3 Nf6 8. Bg5 h6
9. Bxf6 Qxf6 10. Ne1 O-O 11. Nd5 Qf7 12. b4 Nd4 13. Nc3 Kh7 14. Rb1 Rb8 15. b5
Bd7 16. Nc2 Ne6 17. Qd2 h5 18. f4 c6 19. e3 Qf6 20. Ne2 Nc5 21. Rfd1 Rfe8 22.
Nb4 Rbc8 23. h4 Qe7 24. Nc2 cxb5 25. cxb5 Qf7 26. d4 exd4 27. Ncxd4 Ne4 28. Qd3
Rc5 29. a4 Rc4 30. a5 Rec8 31. Nf3 Qe8 32. Ned4 Rc3 33. Qe2 Nxg3 34. Ng5+ Kh8
35. Qf2 Ne4 36. Bxe4 fxe4 37. f5 d5 38. f6 Bh6 39. Qf4 Bg4 40. Rf1 Bxg5 41. hxg5
Qf7 42. a6 b6 43. Nc6 Kh7 44. Qd6 Rxe3 45. Rbc1 h4 46. Nd8 Rxd8 47. Qxd8 Rg3+
48. Kh2 Rh3+ 49. Kg2 Rg3+ 50. Kf2 Rf3+ 51. Ke1 Re3+ 52. Kf2 Rf3+ 53. Ke1 Re3+
54. Kf2 Rf3+ 55. Kg1 1/2-1/2